00905nac a22002171u 4500010001600000020003200016082002000048090001300068100003400081245009400115260003700209300003500246490002800281650002700309740002900336856008500365856007300450942002100523999001300544952013000557 a 94011362 a0070087148 (recycled paper)00a620/.001bB9184 c119d119 aBuchanan, George R. 10aSchaum's outline of theory and problems of finite element analysis /cGeorge R. Buchanan. aNew York :bMcGraw-Hill,cc1995. aviii, 264 p. :bill. ;c28 cm.0 aSchaum's outline series 0aFinite element method.0 aFinite element analysis.423Publisher descriptionuhttp://www.loc.gov/catdir/description/mh022/94011362.html423Table of contentsuhttp://www.loc.gov/catdir/toc/mh022/94011362.html cBBk620.001B9184 c119d119 00104070aMAINbMAINc1STd2005-12-22ePurchasel6m10o620.001 BUCp000004647r2025-07-15 00:00:00s2020-02-09v120.00yBB